00906nam a22002657a 45000010005000000030006000050050017000110080041000280200018000690400029000870820008001161000014001242450041001382500035001792600054002143000066002685050008003345200072003425210029004145210020004436500023004639420015004869990015005019520124005169882FISKH20260311150357.0260311b cb ||||| |||| 00| 0 eng d a9780316153898 aFISKHbengcFISKHdFISKH a813 aAlex Toys aPooch's new raincoat /cBy Alex Toys aFirst Edition : September 2006 aNew York : bLittle, Brown and Company , c2006 . a10 unnumbered pages : bcolor illustrations ; c14 X 18 cm .  aD  aA delightful board book for ages 3-6, complete with a cuddly Pooch 8 a200 bLexile estimate 8 aD bRaz-Plus  aRainvPicture Book 2ddccBKn0 c9882d9882 00102ddc40708JUVFa002b002cTTP Dark Greend2026-03-11l0oALE 813p2026-0303r2026-03-11 15:03:53w2026-03-11yBK